States and canada - Statistics

General Stats
  • This quiz has been taken 13 times
  • The average score is 6 of 9
Answers on the Grid
Answers color-coded by a green-red scale on the quiz's grid according to % correct below.
Oklahoma and California is a border
california has the biggest beach
massachusetts is next to canada
Canada and United States are not so small
There are 2 states that start with f
alaska is the largest state in the unites states
Area is the capital of self arkansaw
Tennessee and Missouri has the most borders
Canada has so so so so so many people inside
Alaska is touching the top of canada
It takes so so so so so so so short to drive to florida
Massachusetts and Connecticut are a border to new york
United States of America and Canada are in africa
Michigan has two peices
Thailand is a state
There are big beaches in so many states
California is so small
Washington Oregon and California are so big
 
Answer Stats
Answer % Correct
alaska is the largest state in the unites states
88%
Alaska is touching the top of canada
75%
california has the biggest beach
75%
Canada and United States are not so small
75%
There are big beaches in so many states
75%
Washington Oregon and California are so big
75%
Massachusetts and Connecticut are a border to new york
63%
Michigan has two peices
50%
Tennessee and Missouri has the most borders
50%
No matching quizzes found
Score Distribution
Percent of People with Each Score
Percentile by Number Answered
Your Score History
You have not taken this quiz